[Event "Odysseus Spring A"]
[Site "Soborg"]
[Date "2009.05.14"]
[Round "5"]
[White "Klausen, Soren"]
[Black "Steenstrup, Per"]
[Result "1-0"]
[WhiteElo "2078"]
[BlackElo "1792"]
[PlyCount "53"]
[EventDate "2009.04.16"]
[EventType "tourn"]
[EventRounds "5"]
[EventCountry "DEN"]
[SourceTitle "EXT 2023"]
[Source "ChessBase"]
[SourceDate "2022.10.05"]
[SourceVersion "1"]
[SourceVersionDate "2022.10.05"]
[SourceQuality "1"]

1. e4 c5 2. c3 Nf6 3. e5 Nd5 4. Bc4 Qc7 5. d4 cxd4 6. Qe2 Nb6 7. Bd3 e6 8. Nf3 Nc6 9. 0-0 dxc3 10. Nxc3 Nd5 11. Nxd5 exd5 12. Bg5 h6 13. Bh4 Be7 14. Bxe7 Nxe7 15. Nd4 a6 16. Rac1 Qb6 17. Nf5 Nxf5 18. Bxf5 0-0 19. Bb1 d6 20. Qd3 g6 21. Qxd5 dxe5 22. Qxe5 Bd7 23. Rcd1 Bb5 24. Rd6 Qa5 25. Bxg6 Qxa2 26. Bb1 Qc4 27. Qg3+ 1-0

[Event "Odysseus Spring A"]
[Site "Soborg"]
[Date "2009.05.07"]
[Round "4"]
[White "Olsen, Casper"]
[Black "Klausen, Soren"]
[Result "1-0"]
[WhiteElo "1979"]
[BlackElo "2078"]
[PlyCount "59"]
[EventDate "2009.04.16"]
[EventType "tourn"]
[EventRounds "5"]
[EventCountry "DEN"]
[SourceTitle "EXT 2023"]
[Source "ChessBase"]
[SourceDate "2022.10.05"]
[SourceVersion "1"]
[SourceVersionDate "2022.10.05"]
[SourceQuality "1"]

1. Nf3 g6 2. g3 Bg7 3. Bg2 c5 4. d3 d5 5. Nbd2 e5 6. 0-0 Ne7 7. c4 d4 8. Ne4 Qb6 9. b4 cxb4 10. c5 Qc7 11. Nd6+ Kf8 12. Qb3 Be6 13. Qxb4 Bd5 14. Ng5 Na6 15. Bxd5 Nxb4 16. Bxf7 Qxd6 17. cxd6 Nf5 18. Bb3 Ke8 19. Ba3 Nc6 20. g4 Bf6 21. Ne6 Ng7 22. Nc7+ Kd7 23. Nxa8 Rxa8 24. Rab1 a6 25. Bd5 b5 26. Rfc1 Rc8 27. Bxc6+ Rxc6 28. Rxc6 Kxc6 29. Rc1+ Kd5 30. Rc7 1-0

[Event "Odysseus Autumn A"]
[Site "Soborg"]
[Date "2001.09.??"]
[Round "5"]
[White "Klausen, Soren"]
[Black "Nielsen, Lars Aaes"]
[Result "1-0"]
[WhiteElo "1984"]
[BlackElo "2147"]
[PlyCount "43"]
[EventDate "2001.09.06"]
[EventType "tourn"]
[EventRounds "5"]
[EventCountry "DEN"]
[SourceTitle "EXT 2023"]
[Source "ChessBase"]
[SourceDate "2022.10.05"]
[SourceVersion "1"]
[SourceVersionDate "2022.10.05"]
[SourceQuality "1"]

1. e4 e6 2. d4 d5 3. e5 c5 4. c3 Nc6 5. Nf3 Qb6 6. Bd3 Bd7 7. 0-0 Rc8 8. dxc5 Bxc5 9. b4 Nxb4 10. cxb4 Bd4 11. Be3 Bxe3 12. fxe3 Qxe3+ 13. Kh1 Nh6 14. Qd2 Qb6 15. a4 Ng4 16. a5 Qc7 17. Qg5 h5 18. Qxg7 Ke7 19. Qg5+ Kf8 20. Nbd2 Qc3 21. Nh4 Rg8 22. Rxf7+ 1-0